Pomoc pri reforme zdravotníctva a ošetrovateľskej starostlicosti

Bibliographic Details
Main Author: Wollentová, Mária (Author)
Format: Article
Language:Slovak
Subjects:

MARC

LEADER 00000nab a2200000 a 4500
001 vtls000520481
003 SK-MaSNL
005 20260304090222.0
008 250425c1994 xo 0 slo
015 |a SNBRB19rr/mm-uuuuu 
035 |a CL0520619 
035 |a urn:nbn:sk:snk-ab6x8j 
035 |a (uuid)da3bb939-7695-4d95-832e-db3475f60c50 
035 |a (urnnbn)urn:nbn:sk:snk:ar-a064pj 
035 |a (sysno)vtls000520481 
040 |a SNKBUCL  |b slo  |c SNKBUCL  |e AACR2 
041 0 |a slo 
044 |a xo  |c SK 
080 |a 616-083:061.3  |2 1981 
100 1 |a Wollentová, Mária  |4 aut  |9 1380898 
245 1 0 |a Pomoc pri reforme zdravotníctva a ošetrovateľskej starostlicosti  |c Mária Wollentová 
650 0 7 |a ošetrovateľstvo  |2 snkbucl  |9 2557 
650 0 7 |a jednotky ošetrovateľské demonštračné klinické  |2 snkbucl  |9 1380899 
655 7 |a články z novín a časopisov  |2 snkbucl  |9 267496 
773 0 |t Slovenský zdravotník  |g Roč. 4, č. 1 (1994), s. 8 
850 |a Slovenská národná knižnica 
852 |a Slovenská národná knižnica 
954 |a odborná, vedecká literatúra pôvodná (slovenská)  |2 lita 
958 |a article27 
958 |a RK 
958 |a MI 
958 |a OND 
958 |a EUIPO 
992 |a RBX 
999 |c 2810748  |d 2812678